'A' Antonyms Quiz Stats

 Plays Quiz Updated Jan 27, 2013

Also try: Heteronyms
Challenge
Share
Tweet
Score 0/30 Timer 05:00
0 Plays Today
% Correct
Adult
96.3%
Above
95.8%
Always
94.6%
Answer
94.3%
Amateur
93.8%
Alone
93.8%
Antonym
93.7%
Ancient
93.4%
Arrive
93.3%
Allow
92.6%
Accidental
92.1%
Artificial
91.9%
Attack
91.6%
Abort
89%
Abrasive
84.4%
% Correct
Accumulate
83.7%
Alkalify
80.8%
Aggravate
79%
Altruism
74.5%
Aficionado
71.5%
Assort
67.4%
Arboriform
60.9%
Alfresco
58.9%
Amok
58.3%
Apodal
57.2%
Avaricious
55.7%
Aphyllous
43.1%
Aquiline
37.9%
Atavism
28%
Ataraxic
27.6%

You're not logged in!

Compare scores with friends on all Sporcle quizzes.
Join for Free
OR
Log In

You Might Also Like...

Show Comments

Extras

Top Quizzes Today


Score Distribution

Your Account Isn't Verified!

In order to create a playlist on Sporcle, you need to verify the email address you used during registration. Go to your Sporcle Settings to finish the process.

Report this User

Report this user for behavior that violates our Community Guidelines.

Details: